000 00205nam a2200085Ia 4500
008 170620s9999 xx 000 0 und d
100 _aBhattcharya
245 0 _aInterpretation of Statues
260 _bCentral Law Agency
260 _c2001
999 _c28570
_d28570